00843nai a2200205Ia 4500003000900000008004100009022002200050022002300072040001600095245002700111260008600138310001400224362002500238521006900263650003600332856008800368942000700456999001700463952015700480IN-BaIIA211028c9999 xx s 000 0 eng d a0272-1732 (Print) a1937-4143 (Online) cIIA Library 0aIEEE Microh[eJournal] aNew York, USAbThe Institute of Electrical and Electronics Engineers, Inc. (IEEE) aBimonthly a1(1); 1981 - Present bSubscribed through National Knowledge Resource Consortium (NKRC) aComputing and Processing948785 uhttps://ieeexplore.ieee.org/servlet/opac?punumber=40yClick Here to Access eJournal cEJ c34545d34545 00104070aBANbBANd2009-01-01eNKRCh1(1); 1981 - Presentl0pEJ629r2021-11-05uhttps://ieeexplore.ieee.org/servlet/opac?punumber=40w2021-11-05yEJ